Estatísticas para Países Não Conquistados Desde 1850

Clique aqui para jogar o quiz

Estatísticas Gerais

  • Esse quiz foi jogado 1 647 vezes
  • A pontuação média é 16 de 26

Estatísticas das Respostas

DesdePaís% Correto
1822Brasil
93%
1781Estados Unidos
91%
1816Argentina
86%
1819Colômbia
81%
1808Portugal
81%
1480Rússia
81%
1818Chile
80%
1830Venezuela
80%
1814Espanha
79%
1066Reino Unido
78%
1828Uruguai
78%
1825Bolívia
75%
1839Peru
75%
1830Equador
72%
1523Suécia
63%
1815Suíça
58%
1243Turquia
53%
1838Costa Rica
42%
1838Guatemala
42%
1813Andorra
31%
1847Libéria
31%
1243San Marino
31%
1815Liechtenstein
27%
1768Nepal
23%
1634Butão
20%
1743Omã
17%

Distribuição das Pontuações

Percentil de Números Respondidos

Porcentagem de Pessoas com Cada Pontuação

Sua Pontuação Histórica

Você não jogou esse quiz